International Clay Conference, 1963 : (Record no. 153379)

MARC details
000 -LEADER
fixed length control field 00941nam a2200253 a 4500
008 - FIXED-LENGTH DATA ELEMENTS--GENERAL INFORMATION
fixed length control field
049 ## - LOCAL HOLDINGS (OCLC)
Holding library MAIN
090 0# - LOCALLY ASSIGNED LC-TYPE CALL NUMBER (OCLC); LOCAL CALL NUMBER (RLIN)
Classification number (OCLC) (R) ; Classification number, CALL (RLIN) (NR) QE471.3
Local cutter number (OCLC) ; Book number/undivided call number, CALL (RLIN) INF
003 - CONTROL NUMBER IDENTIFIER
control field
005 - DATE AND TIME OF LATEST TRANSACTION
control field 20230123133720.0
040 ## - CATALOGING SOURCE
Transcribing agency NUST
111 2# - MAIN ENTRY--MEETING NAME
Meeting name or jurisdiction name as entry element International Clay Conference.
245 00 - TITLE STATEMENT
Title International Clay Conference, 1963 :
Remainder of title proceedings of the conference held at Stockholm, Sweden, August 12-16,1963 /
Statement of responsibility, etc. Arranged by CIPEA,Sponsored by IUGS ; edited by I TH. Rosenqvist, P. Graff-Petersen.
260 ## - PUBLICATION, DISTRIBUTION, ETC.
Place of publication, distribution, etc. Oxford :
Name of publisher, distributor, etc. Pergamon press,
Date of publication, distribution, etc. 1963.
300 ## - PHYSICAL DESCRIPTION
Extent x, 443 p. :
Other physical details ill. ;
Dimensions 25 cm.
440 ## - SERIES STATEMENT/ADDED ENTRY--TITLE
Title International series of monographs on Earth Sciences;
Volume/sequential designation 21.
504 ## - BIBLIOGRAPHY, ETC. NOTE
Bibliography, etc. note Includes bibliographical references.
500 ## - GENERAL NOTE
General note Includes index.
650 #0 - SUBJECT ADDED ENTRY--TOPICAL TERM
Topical term or geographic name entry element Clay minerals
General subdivision Congresses.
700 1# - ADDED ENTRY--PERSONAL NAME
Personal name Rosenqvist, I.TH.
700 1# - ADDED ENTRY--PERSONAL NAME
Personal name Graff-Petersen, P.
907 ## - LOCAL DATA ELEMENT G, LDG (RLIN)
a .b10122886
b 25-04-13
c 21-05-04
942 ## - ADDED ENTRY ELEMENTS (KOHA)
Koha item type Ordinary Loan Books
Call number prefix QE471.3
Call number suffix INF
Holdings
Date last seen Total Checkouts Full call number Barcode Cost, replacement price Price effective from Koha item type Lost status Source of classification or shelving scheme Damaged status Not for loan Collection Withdrawn status Home library Current library Shelving location Date acquired Cost, normal purchase price
01/23/2023 1 QE471.3 INT 92003018209 80.00 01/23/2023 BOOKS   LCC     NFIC   MAIN MAIN GEN 01/23/2023 80.00